000 00656nam a22002172 4500
001 0000012879
003 OSt
005 20140825164450.0
008 080620s1986 pau b 000 0 eng d
020 _a0817010971 (pbk.)
040 _aPUL
_cPUL
050 _aBX8333.W416
_bS73 1986
100 1 _aWeatherhead, Leslie Dixon,
_d1893-.
245 1 0 _aSteady in an unsteady world :
_bsermons /
_cby Leslie Weatherhead ; Stephen A. Odom, editor.
260 _aValley Forge, PA :
_bJudson Press,
_cc1986.
300 _a128 p. ;
_c22 cm.
504 _aBibliography: p. 127-128.
650 0 _aMethodist Church
_xSermons.
908 _a080620
942 _2lcc
_cBK
999 _c12331
_d12331